000 00266nam a22001097a 4500
008 170104b xxu||||| |||| 00| 0 eng d
020 _a9781565335547
041 _aeng
080 _29th ed.
_a618.2
245 _aPN MATERNAL NEWBORN NURSING
_cSheryl, S
942 _2udc
_cBK
999 _c2524
_d2524